Tratado práctico de las enfermedades de la laringe, de la faringe y de la tráquea / (Record no. 115499)

MARC details
000 -LEADER
campo de control de longitud fija 00941nam a2200241 i 4500
001 - NÚMERO DE CONTROL
campo de control 115499
003 - IDENTIFICADOR DE NÚMERO DE CONTROL
campo de control ES-MaACL
005 - FECHA Y HORA DE LA ÚLTIMA TRANSACCIÓN
campo de control 20250806070427.0
007 - CAMPO FIJO DE DESCRIPCIÓN FÍSICA--INFORMACIÓN GENERAL
campo de control de longitud fija t|
008 - DATOS DE LONGITUD FIJA--INFORMACIÓN GENERAL
campo de control de longitud fija 070313s1882 sp ||||1| spa d
100 1# - ENTRADA PRINCIPAL--NOMBRE DE PERSONA
Nombre de persona Mackenzie, Morell.
9 (RLIN) 75252
245 10 - MENCIÓN DEL TÍTULO
Título Tratado práctico de las enfermedades de la laringe, de la faringe y de la tráquea /
Mención de responsabilidad, etc. por Morell Mackenzie ; traducido por José Ustáriz y Carlos Vicente.
260 ## - PUBLICACIÓN, DISTRIBUCIÓN, ETC.
Lugar de publicación, distribución, etc. Madrid :
Nombre del editor, distribuidor, etc. [s.n.],
Fecha de publicación, distribución, etc. 1882 (
Lugar de fabricación/manufactura Imp. Enrique Teodoro)
300 ## - DESCRIPCIÓN FÍSICA
Extensión 559 p. :
Otras características físicas il. ;
Dimensiones 23 cm.
490 1# - MENCIÓN DE SERIE
Mención de serie Biblioteca económica de medicina y cirujía
500 ## - NOTA GENERAL
Nota general Con 53 figuras en el texto.
650 #4 - PUNTO DE ACCESO ADICIONAL DE MATERIA--TÉRMINO DE MATERIA
Término de materia o nombre geográfico como elemento de entrada Enfermedades otorrinolaringológicas.
9 (RLIN) 144723
700 1# - ENTRADA AGREGADA--NOMBRE PERSONAL
Nombre de persona Ustáriz y Escribano, José.
9 (RLIN) 112318
700 1# - ENTRADA AGREGADA--NOMBRE PERSONAL
Nombre de persona Vicente y Charpentier, Carlos de.
9 (RLIN) 172565
830 0# - PUNTO DE ACCESO ADICIONAL DE SERIE-TÍTULO UNIFORME
Título uniforme Biblioteca económica de medicina y cirujía
9 (RLIN) 186248
852 ## - LOCALIZACIÓN
Ubicación ES-MaACL
Número de control de estantería B-12712
Holdings
Estatus retirado Estado de pérdida Estado de daño No para préstamo Colección Biblioteca de origen Biblioteca actual Ubicación en estantería Fecha de adquisición Fuente de adquisición Total de préstamos Signatura topográfica completa Código de barras Visto por última vez Precio de reemplazo Tipo de ítem Koha
        Libros del s. XIX Biblioteca del Ateneo de Madrid Biblioteca del Ateneo de Madrid Sala Pardo Bazán 17/01/2008     B-12712 1120430 23/02/2023 23/02/2023 Libro impreso antiguo